000 00327nam a2200133Ia 4500
005 20251222141912.0
008 251222s9999||||xx |||||||||||||| ||spa||
082 _a985.26/D45
100 _aDegregori, Carlos Iván
245 0 _aConquistadores de un Nuevo Mundo
250 _a1ra. ed.
264 _bIEP ediciones
942 _cLIB
999 _c8414
_d8414